Classification Décimale Universelle : tables de classification pour les bibliographies, bibliohèques .... Tome IV tables de classification pour les bibliographies, bibliohèques .... Tome IV
Descripción Física:
1533 a 2153 p. ; 26,2 cm
Colección:
Publication de l'I.I.B. ; 151
Materias:
Classificació decimal universal
MARC
| LEADER | 00000nam a2200000Ia 4500 | ||
|---|---|---|---|
| 001 | 13106 | ||
| 003 | BGR | ||
| 005 | 20260324175657.0 | ||
| 008 | 160829s1933 xx 000 0 cat d | ||
| 080 | |a A-2-104 | ||
| 245 | |a Classification Décimale Universelle : |b tables de classification pour les bibliographies, bibliohèques .... Tome IV | ||
| 250 | |a Ed. complète | ||
| 260 | |a Bruxelles : |b Institut International de Bibliographie, |c 1933 | ||
| 300 | |a 1533 a 2153 p. ; |c 26,2 cm | ||
| 490 | |a Publication de l'I.I.B. ; 151 | ||
| 650 | |a Classificació decimal universal |9 37421 | ||
| 710 | 2 | |a Institut International de Bibliograhie (Brusel·les) |9 71128 | |
| 901 | |a Arxiu | ||
| 942 | |n 1 |2 udc |c MON | ||
| 952 | |0 0 |1 0 |4 0 |6 A2104 |7 1 |9 47930 |a Arxiu |b Arxiu |d 2016-12-01 |l 0 |o A-2-104 |p 13106 |r 2016-12-01 00:00:00 |w 2016-12-01 |y ARXIU | ||
| 999 | |c 51730 |d 51730 | ||